000 00506nam a2200193Ia 4500
008 220531s9999 xx 000 0 und d
041 _aeng
082 _bPAT
100 _aPatil, S. R.
_970259
245 _aOperations Research, Mathematics: Paper-ii: Semester-ii
250 _a1ST
260 _aPune
_bNirali
_c2014
300 _a5.82, M-4
542 _d22-07-2015
551 _aComputer Science
_bNon-grant-CS
650 _aMathematics
_970260
906 _d2015-2016
999 _c39361
_d39361